000 00507nam a2200181Ia 4500
008 190406s9999 xx 000 0 und d
100 _aAdam Fargo & Romeo Tedongap
245 _aDownside Risks and the Cross-Section of Asset Returns
245 _cAdam Fargo & Romeo Tedongap
260 _bCL
260 _belsevier
260 _c2018
300 _aCL
500 _aJournal of Financial Economics
650 _xDownside Risk
650 _xGeneralized Disappointment Aversion
942 _2lcc
_cSE
999 _c361372
_d361372